Oncological PET/CT with Histological Confirmation

This book reviews the important new field of PET/CT-guided biopsy, which is of potential value in optimizing the diagnostic yield of biopsies. The role of this technology is examined in a range of malignancies, including lymphoma, pancreatic, breast cancer and CNS malignancies. True positive and fal...

Full description

Bibliographic Details
Corporate Author: SpringerLink (Online service)
Other Authors: Cerci, Juliano (Editor), Fanti, Stefano (Editor), Delbeke, Dominique (Editor)
Format: Electronic eBook
Language:English
Published: Cham : Springer International Publishing : Imprint: Springer, 2016.
Subjects:
Online Access:Full Text via HEAL-Link
LEADER 03152nam a22004815i 4500
001 978-3-319-27880-3
003 DE-He213
005 20171017202022.0
007 cr nn 008mamaa
008 160331s2016 gw | s |||| 0|eng d
020 |a 9783319278803  |9 978-3-319-27880-3 
024 7 |a 10.1007/978-3-319-27880-3  |2 doi 
040 |d GrThAP 
050 4 |a R895-920 
072 7 |a MMN  |2 bicssc 
072 7 |a MED080000  |2 bisacsh 
082 0 4 |a 616.07548  |2 23 
245 1 0 |a Oncological PET/CT with Histological Confirmation  |h [electronic resource] /  |c edited by Juliano Cerci, Stefano Fanti, Dominique Delbeke. 
264 1 |a Cham :  |b Springer International Publishing :  |b Imprint: Springer,  |c 2016. 
300 |a VII, 97 p. 53 illus. in color.  |b online resource. 
336 |a text  |b txt  |2 rdacontent 
337 |a computer  |b c  |2 rdamedia 
338 |a online resource  |b cr  |2 rdacarrier 
347 |a text file  |b PDF  |2 rda 
505 0 |a PART I. Biopsy guided PET/CT: Principle of biopsy guided imaging.- FDG PET/CT to guide biopsy: methods.- FDG PET/CT to guide biopsy: type of acess.- PART II. FDG PET/CT in lymphoma: Need of biopsy in lymphoma.- FDG PET/CT to guide biopsy in lymphoma: results.- PART III. FDG PET/CT in pancreatic lesions:Need of biopsy in pancreatic lesions.- FDG PET/CT to guide biopsy in pancreatic lesions: results.- PART IV. FDG PEM in breast lessions: Need of biopsy in breast lesions.- FDG PEM to guide biopsy in breast lesions: results -- PART V. PET/CT and CNS malignancies: Need of biopsy in CNS malignancies -- FDG PET/CT to guide biopsy in CNS: results -- PART VI. PET/CT and prostate cancer -- Choline PET/CT to guide biopsy in prostate cancer diagnosis -- PART VII. FLT PET/CT in cancer diagnosis: FLT PET/CT in cancer diagnosis: results. 
520 |a This book reviews the important new field of PET/CT-guided biopsy, which is of potential value in optimizing the diagnostic yield of biopsies. The role of this technology is examined in a range of malignancies, including lymphoma, pancreatic, breast cancer and CNS malignancies. True positive and false positive cases are presented and discussed, and many aspects of PET and pathology are addressed. The book describes many case presentations illustrated with mostly 18F-FDG PET/CT images, but also other PET radiopharmaceuticals such as 18F-FLT. The three editors are expert nuclear medicine physicians from Europe and North and South America, and the range of experiences gained in using PET/CT across the globe is reflected in the book. 
650 0 |a Medicine. 
650 0 |a Nuclear medicine. 
650 0 |a Oncology. 
650 0 |a Pathology. 
650 1 4 |a Medicine & Public Health. 
650 2 4 |a Nuclear Medicine. 
650 2 4 |a Oncology. 
650 2 4 |a Pathology. 
700 1 |a Cerci, Juliano.  |e editor. 
700 1 |a Fanti, Stefano.  |e editor. 
700 1 |a Delbeke, Dominique.  |e editor. 
710 2 |a SpringerLink (Online service) 
773 0 |t Springer eBooks 
776 0 8 |i Printed edition:  |z 9783319278780 
856 4 0 |u http://dx.doi.org/10.1007/978-3-319-27880-3  |z Full Text via HEAL-Link 
912 |a ZDB-2-SME 
950 |a Medicine (Springer-11650)